| 000 | 01570cam a22003251i 4500 | ||
|---|---|---|---|
| 003 | SA-RiAUC | ||
| 005 | 20250204063237.0 | ||
| 008 | 250202q19001999ua g 00000bara c | ||
| 040 |
_aSA-MaUQU _bara _cSA-RiAUC _erda |
||
| 050 | 4 | _b.I26 1900z | |
| 050 | 4 | _b.I26 1900z | |
| 082 | 0 | 4 |
_a239.6 _qSA-RiAUC |
| 090 |
_a239.6 _b ا ب ن ط |
||
| 100 | 1 |
_aابن طولون، محمد بن علي بن أحمد، _d880-953 هجري _eمؤلف. |
|
| 245 | 1 | 0 |
_aمرشد المحتار إلى خصائص المختار صلى الله عليه وسلم / _cتأليف محمد بن طولون ؛ تحقيق بهاء الشاهد. |
| 246 | 3 | 0 | _aخصائص المختار صلى الله عليه وسلم |
| 264 | 1 |
_aالقاهرة : _b[الناشر غير محدد]، _c[بين 1900 و1999] |
|
| 300 |
_a456 صفحة ؛ _c27 سم |
||
| 336 |
_aنص _btxt _2rdacontent _3كتاب |
||
| 337 |
_aبدون وسيط _bn _2rdamedia |
||
| 338 |
_aمجلد _bnc _2rdacarrier |
||
| 600 | 0 | 7 |
_aمحمد (صلى الله عليه وسلم)، _d53 قبل الهجرة-11 هجري _xأخلاق _2aucnm |
| 650 | 7 |
_aأخلاق الرسول _2aucsh |
|
| 650 | 7 |
_aالسيرة النبوية _2aucsh |
|
| 653 | _aالديانات | ||
| 700 | 1 | 2 |
_iتحقيق لـ (عمل) : _aابن طولون، محمد بن علي بن أحمد، _d880-953 هجري. _tمرشد المحتار إلى خصائص المختار صلى الله عليه وسلم |
| 700 | 1 |
_aالشاهد، بهاء محمد _eمحقق. |
|
| 942 |
_2ddc _cBOOK _n0 |
||
| 949 |
_aSA-JeALM _d250202 _uosman123 _n1 |
||
| 999 |
_c5542 _d5542 |
||